[Event "Inter-entreprise"]
[Site "Montreal CAN"]
[Date "2003.10.28"]
[Round "2"]
[White "Fontaine, Jacques"]
[Black "Laurain, Guy"]
[Result "0-1"]
[WhiteElo "1947"]
[BlackElo "2191"]
[PlyCount "54"]
[EventDate "2003.11.18"]
[EventType "team"]
[EventRounds "6"]
[EventCountry "CAN"]

1. e4 c5 2. Nf3 Nc6 3. d4 cxd4 4. Nxd4 Nf6 5. Nc3 d6 6. Bb5 Bd7 7. O-O e6 8.
Be3 Be7 9. Kh1 O-O 10. f3 a6 11. Ba4 b5 12. Bb3 Qc7 13. Qe1 b4 14. Na4 Rab8 15.
Rd1 Nxd4 16. Rxd4 Qa5 17. a3 Bxa4 18. axb4 Qb5 19. Bc4 Qxb4 20. c3 Qxb2 21.
Bxa6 Bc6 22. Rc4 Bd7 23. Ba7 Ra8 24. Qe3 Qa2 25. Qb6 Rxa7 26. Qxa7 Bb5 27. Qxe7
Qxa6 0-1

[Event "Inter-entreprise"]
[Site "Montreal CAN"]
[Date "2003.11.04"]
[Round "3"]
[White "Jean, Robert"]
[Black "Cardinal, Pierre"]
[Result "1-0"]
[WhiteElo "1680"]
[BlackElo "1531"]
[PlyCount "85"]
[EventDate "2003.11.18"]
[EventType "team"]
[EventRounds "6"]
[EventCountry "CAN"]

1. d4 Nf6 2. c4 g6 3. Nc3 Bg7 4. e4 d6 5. f3 O-O 6. Be3 b6 7. Bd3 a6 8. Nge2 c5
9. Qd2 Nc6 10. O-O-O cxd4 11. Nxd4 Bb7 12. Nxc6 Bxc6 13. Bh6 b5 14. Bxg7 Kxg7
15. cxb5 Bxb5 16. Bxb5 axb5 17. Nxb5 Rxa2 18. Nc3 Qc7 19. Kb1 Ra5 20. Kc2 Rb8
21. Rb1 Nd7 22. Rhc1 Rb4 23. Kd1 Qb6 24. Ke2 Rc5 25. Rc2 e6 26. h3 Ne5 27. Kf1
Nc4 28. Qe2 Na3 29. Rbc1 Nxc2 30. Rxc2 Ra5 31. Nd1 Ra1 32. Rd2 Rxb2 33. Rxb2
Rxd1+ 34. Qxd1 Qxb2 35. Qxd6 Qc1+ 36. Kf2 Qb2+ 37. Kg3 h5 38. h4 e5 39. Qe7 Qc3
40. Kh2 Qd4 41. Qc7 Qb2 42. Qd6 Qd4 43. Qxd4 1-0

[Event "Inter-entreprise"]
[Site "Montreal CAN"]
[Date "2003.11.04"]
[Round "3"]
[White "Lambert, Jacques"]
[Black "Blais, Georges"]
[Result "0-1"]
[WhiteElo "1068"]
[BlackElo "1633"]
[PlyCount "112"]
[EventDate "2003.11.18"]
[EventType "team"]
[EventRounds "6"]
[EventCountry "CAN"]

1. d4 Nf6 2. Nc3 d5 3. Bg5 Bf5 4. g3 Nc6 5. a3 e6 6. Bg2 h6 7. Bf4 g5 8. Be5
Nxe5 9. dxe5 Nd7 10. Nf3 Bg7 11. O-O Nxe5 12. Nxe5 Bxe5 13. e4 dxe4 14. Qxd8+
Rxd8 15. Bxe4 Bxc3 16. Bxf5 Bxb2 17. Ra2 exf5 18. Re1+ Kd7 19. Rxb2 b6 20. c4
Rhe8 21. Reb1 Re4 22. Rc1 c5 23. a4 Kc7 24. a5 Red4 25. axb6+ axb6 26. Kg2 Rd1
27. Rc3 R1d2 28. Rb1 R2d4 29. Re1 Re4 30. Rce3 Rde8 31. Rf1 Rxe3 32. fxe3 Re5
33. g4 fxg4 34. Rxf7+ Kd6 35. Kf2 Re7 36. Rf6+ Re6 37. Rf8 Ke5 38. Kg3 Ke4 39.
Rf1 Kd3 40. Kxg4 Kxc4 41. Re1 b5 42. e4 Kd4 43. Kf5 Re5+ 44. Kg6 Rxe4 45. Rd1+
Ke5 46. Kxh6 Kf5 47. Rg1 Rh4+ 48. Kg7 Rxh2 49. Rf1+ Ke5 50. Kg6 Rg2 51. Rf5+
Kd4 52. Rxg5 Rxg5+ 53. Kxg5 c4 54. Kf4 c3 55. Kf3 c2 56. Ke2 c1=Q 0-1

[Event "Inter-entreprise"]
[Site "Montreal CAN"]
[Date "2003.11.04"]
[Round "3"]
[White "Laurain, Guy"]
[Black "Charest, Johanne"]
[Result "1-0"]
[WhiteElo "2191"]
[BlackElo "1989"]
[PlyCount "43"]
[EventDate "2003.11.18"]
[EventType "team"]
[EventRounds "6"]
[EventCountry "CAN"]

1. e4 e5 2. Nf3 Nc6 3. Bb5 Bc5 4. O-O Nd4 5. Nxd4 Bxd4 6. c3 Bb6 7. d4 c6 8.
Ba4 d6 9. Na3 Qf6 10. d5 Ne7 11. Nc4 Bc7 12. f4 Qg6 13. f5 Qf6 14. Ne3 Bb6 15.
Kh1 Qh4 16. dxc6 bxc6 17. Qxd6 Qxe4 18. Bc2 Qh4 19. g3 Qh3 20. Be4 Qh6 21. f6
gxf6 22. Nf5 1-0

[Event "Inter-entreprise"]
[Site "Montreal CAN"]
[Date "2003.11.04"]
[Round "3"]
[White "Rivard, Jean"]
[Black "Fontaine, Jacques"]
[Result "0-1"]
[WhiteElo "1525"]
[BlackElo "1947"]
[PlyCount "88"]
[EventDate "2003.11.18"]
[EventType "team"]
[EventRounds "6"]
[EventCountry "CAN"]

1. d4 Nf6 2. Nc3 d5 3. Bf4 Bf5 4. Nb5 Na6 5. e3 e6 6. Nc3 Nb4 7. Rc1 c5 8. Bb5+
Nc6 9. Nf3 Rc8 10. O-O a6 11. Bxc6+ Rxc6 12. Ne5 Rc8 13. Ne2 Bd6 14. Ng3 Bg6
15. Bg5 Qc7 16. Nxg6 hxg6 17. Bxf6 gxf6 18. c4 dxc4 19. Rxc4 b5 20. Rc1 c4 21.
f4 g5 22. Qf3 gxf4 23. exf4 f5 24. Rce1 Kd7 25. d5 Rcg8 26. dxe6+ fxe6 27. Rd1
Ke7 28. Rfe1 Kf7 29. Nxf5 Qc5+ 30. Nd4 Rh6 31. g3 Rf6 32. Qb7+ Be7 33. Qe4 Qd5
34. Qh7+ Rg7 35. Qh4 Rfg6 36. Qh3 Bc5 37. Qg2 Bxd4+ 38. Rxd4 Qxd4+ 39. Kf1 Qd5
40. Qf2 Rh6 41. Re5 Qh1+ 42. Qg1 Rxh2 43. Qxh1 Rxh1+ 44. Kg2 Rb1 0-1

[Event "Inter-entreprise"]
[Site "Montreal CAN"]
[Date "2003.11.11"]
[Round "4"]
[White "Antoine, Patrick"]
[Black "Menard, Dominic"]
[Result "0-1"]
[WhiteElo "1704"]
[BlackElo "1612"]
[PlyCount "130"]
[EventDate "2003.11.18"]
[EventType "team"]
[EventRounds "6"]
[EventCountry "CAN"]

1. e4 c5 2. Nf3 d6 3. d4 cxd4 4. Nxd4 Nf6 5. Nc3 e5 6. Nb3 Be6 7. Bd3 Nc6 8.
O-O Be7 9. h3 O-O 10. Nd2 Rc8 11. Ne2 Nb4 12. a3 Nxd3 13. cxd3 Qb6 14. Kh1 Rc7
15. f4 exf4 16. Nxf4 d5 17. Nxe6 Qxe6 18. Qf3 Rfc8 19. exd5 Qxd5 20. Qxd5 Nxd5
21. Nf3 Bf6 22. Rb1 Rc2 23. d4 Re2 24. g4 Rcc2 25. g5 Be7 26. h4 Bd6 27. Re1
Rxe1+ 28. Nxe1 Rh2+ 29. Kg1 Rxh4 30. Nf3 Re4 31. Bd2 Kf8 32. Kf2 Ke7 33. Re1
Rxe1 34. Kxe1 Ke6 35. Ke2 Kf5 36. Kd3 Bf4 37. Bxf4 Nxf4+ 38. Kc4 Ke6 39. b4 f6
40. a4 h6 41. gxh6 gxh6 42. a5 h5 43. b5 Ng6 44. Kc5 Ne7 45. b6 a6 46. Nh4 f5
47. Nf3 Ng6 48. d5+ Kd7 49. Nd4 f4 50. d6 Ne5 51. Nf5 f3 52. Kd5 f2 53. Ne3 Ng4
54. Nf1 h4 55. Ke4 h3 56. Kf3 h2 57. Kg2 Kxd6 58. Kh1 Kc5 59. Kg2 Kb5 60. Kh1
Kxa5 61. Kg2 Kxb6 62. Kh1 a5 63. Kg2 a4 64. Kh1 a3 65. Kg2 a2 0-1

[Event "Inter-entreprise"]
[Site "Montreal CAN"]
[Date "2003.11.11"]
[Round "4"]
[White "Charest, Johanne"]
[Black "Fontaine, Jacques"]
[Result "0-1"]
[WhiteElo "1989"]
[BlackElo "1947"]
[PlyCount "62"]
[EventDate "2003.11.18"]
[EventType "team"]
[EventRounds "6"]
[EventCountry "CAN"]

1. e4 e6 2. d4 d5 3. e5 c5 4. c3 Qb6 5. Nf3 Nc6 6. Bd3 f6 7. O-O Bd7 8. dxc5
Bxc5 9. b4 Be7 10. Re1 O-O-O 11. a4 fxe5 12. a5 Qc7 13. b5 Nxa5 14. Nxe5 Bc5
15. Nxd7 Rxd7 16. Rxe6 Nf6 17. Bf5 Nc4 18. Re2 Rf8 19. Bxd7+ Qxd7 20. Bf4 Ne4
21. Bg3 Nxg3 22. hxg3 Qf5 23. Qc2 Qg5 24. Nd2 Bxf2+ 25. Rxf2 Rxf2 26. Ne4 Rxc2
27. Nxg5 Rxc3 28. Rxa7 Kb8 29. Ra2 d4 30. Ne4 Re3 31. Nd2 Re2 0-1

[Event "Inter-entreprise"]
[Site "Montreal CAN"]
[Date "2003.11.11"]
[Round "4"]
[White "Rivard, Jean"]
[Black "Laurain, Guy"]
[Result "0-1"]
[WhiteElo "1525"]
[BlackElo "2191"]
[PlyCount "64"]
[EventDate "2003.11.18"]
[EventType "team"]
[EventRounds "6"]
[EventCountry "CAN"]

1. d4 Nf6 2. c4 g6 3. Nc3 Bg7 4. e4 d6 5. Nf3 O-O 6. Be2 e5 7. d5 a5 8. Be3 Na6
9. a3 Bd7 10. Qd2 Ng4 11. Bg5 f6 12. Bh4 Nc5 13. Bd1 a4 14. O-O Qe8 15. Re1 h5
16. h3 Nh6 17. Nb5 Bxb5 18. cxb5 Qxb5 19. Rc1 Nf7 20. Rc3 Bh6 21. Qc2 g5 22.
Bg3 Nh8 23. Rc4 Ng6 24. Nd2 g4 25. hxg4 h4 26. Bh2 Bxd2 27. Rxc5 Qxc5 28. Qxd2
Kg7 29. Re3 Rf7 30. Rc3 Qa5 31. Qc1 b5 32. Rf3 Qe1# 0-1

[Event "Inter-entreprise"]
[Site "Montreal CAN"]
[Date "2003.11.18"]
[Round "5"]
[White "Jean, Robert"]
[Black "Trottier, Luc"]
[Result "1-0"]
[WhiteElo "1704"]
[BlackElo "1397"]
[PlyCount "71"]
[EventDate "2003.11.18"]
[EventType "team"]
[EventRounds "6"]
[EventCountry "CAN"]

1. d4 e6 2. c4 d5 3. cxd5 Qxd5 4. Nc3 Bb4 5. e3 Nc6 6. a3 Bxc3+ 7. bxc3 Nf6 8.
c4 Qd8 9. Bd3 b6 10. Nf3 Bb7 11. O-O h6 12. Bb2 Qe7 13. e4 O-O-O 14. d5 Nb8 15.
Qc2 exd5 16. exd5 Nbd7 17. a4 Nc5 18. Rfe1 Qd6 19. Be5 Qf8 20. Bf5+ Nfd7 21.
Nd4 Kb8 22. Bg3 g6 23. Bh3 Qg7 24. Nb5 Na6 25. a5 Rhe8 26. Bxd7 Rxe1+ 27. Rxe1
Rxd7 28. axb6 axb6 29. Re8+ Bc8 30. Qa2 Kb7 31. Rxc8 Kxc8 32. Qxa6+ Kd8 33. h3
f5 34. Qa8+ Ke7 35. Nxc7 Rd8 36. Qxd8+ 1-0

[Event "Inter-entreprise"]
[Site "Montreal CAN"]
[Date "2003.11.18"]
[Round "5"]
[White "Lambert, Jacques"]
[Black "Boyer, Pascal"]
[Result "0-1"]
[WhiteElo "1068"]
[BlackElo "1552"]
[PlyCount "66"]
[EventDate "2003.11.18"]
[EventType "team"]
[EventRounds "6"]
[EventCountry "CAN"]

1. d4 d5 2. Bg5 Nf6 3. Nd2 Nc6 4. e3 e5 5. dxe5 Nxe5 6. h3 Bd6 7. f4 Ng6 8.
Ngf3 Qe7 9. Qe2 Bf5 10. O-O-O O-O-O 11. g4 Bd7 12. Nd4 Bc5 13. Nf5 Bxf5 14.
gxf5 Nf8 15. e4 dxe4 16. Bg2 e3 17. Ne4 N8d7 18. Nxc5 Qxc5 19. Qf3 c6 20. Rhe1
Rde8 21. Rd3 Nd5 22. Qd1 N7b6 23. Bxd5 Nxd5 24. f6 gxf6 25. Qg4+ Kb8 26. Qf5
fxg5 27. fxg5 Qb4 28. Re2 Nf4 29. Rexe3 Nxd3+ 30. Rxd3 Re1+ 31. Rd1 Rhe8 32. c3
Qd6 33. Rxe1 Rxe1+ 0-1

[Event "Inter-entreprise"]
[Site "Montreal CAN"]
[Date "2003.11.18"]
[Round "5"]
[White "Laurain, Guy"]
[Black "Antoine, Patrick"]
[Result "1-0"]
[WhiteElo "2191"]
[BlackElo "1704"]
[PlyCount "79"]
[EventDate "2003.11.18"]
[EventType "team"]
[EventRounds "6"]
[EventCountry "CAN"]

1. e4 c5 2. Nf3 d6 3. d4 cxd4 4. Nxd4 Nf6 5. Nc3 e6 6. Be2 Be7 7. O-O O-O 8.
Kh1 a6 9. a4 Bd7 10. f4 Nc6 11. Bf3 Qc7 12. Be3 Rac8 13. Qe2 Na5 14. Rad1 Nc4
15. Bc1 Rfd8 16. b3 Nb6 17. Bb2 a5 18. e5 dxe5 19. fxe5 Nfd5 20. Nxd5 Nxd5 21.
Bxd5 exd5 22. e6 Be8 23. exf7+ Bxf7 24. Rxf7 Kxf7 25. Qe6+ Ke8 26. Ba3 Rd6 27.
Bxd6 Qxd6 28. Qxc8+ Kf7 29. Rf1+ Bf6 30. Qxb7+ Kg6 31. Nf5 Qe6 32. Qb5 Bc3 33.
Qd3 Bf6 34. Nd4+ Qe4 35. Qg3+ Kf7 36. c3 h6 37. Re1 Qg6 38. Qb8 Bxd4 39. Qe8+
Kf6 40. Re6+ 1-0

[Event "Inter-entreprise"]
[Site "Montreal CAN"]
[Date "2003.11.18"]
[Round "5"]
[White "Menard, Dominic"]
[Black "Cardinal, Pierre"]
[Result "1-0"]
[WhiteElo "1612"]
[BlackElo "1531"]
[PlyCount "49"]
[EventDate "2003.11.18"]
[EventType "team"]
[EventRounds "6"]
[EventCountry "CAN"]

1. d4 Nf6 2. Bg5 g6 3. Bxf6 exf6 4. e3 Bg7 5. c4 f5 6. Nc3 c5 7. d5 d6 8. Bd3
Nd7 9. Nf3 O-O 10. h4 Re8 11. h5 f4 12. hxg6 Bxc3+ 13. bxc3 hxg6 14. O-O fxe3
15. fxe3 Rxe3 16. Qd2 Re7 17. Qf4 Ne5 18. Nxe5 dxe5 19. Qg5 Qd6 20. Rf6 Qd7 21.
Bxg6 fxg6 22. Raf1 Qe8 23. Rxg6+ Kh8 24. Rh6+ Rh7 25. Qf6+ 1-0

[Event "Inter-entreprise"]
[Site "Montreal CAN"]
[Date "2003.11.18"]
[Round "5"]
[White "Rivard, Jean"]
[Black "Charest, Johanne"]
[Result "0-1"]
[WhiteElo "1525"]
[BlackElo "1989"]
[PlyCount "52"]
[EventDate "2003.11.18"]
[EventType "team"]
[EventRounds "6"]
[EventCountry "CAN"]

1. d4 d5 2. c4 e6 3. Nc3 c5 4. e3 Nc6 5. Nf3 Nf6 6. Be2 Be7 7. O-O O-O 8. Ne1
dxc4 9. Bxc4 cxd4 10. exd4 Nxd4 11. Be3 Nf5 12. Bf4 Bd7 13. Qb3 Bd6 14. Bxd6
Nxd6 15. Be2 Bc6 16. Nf3 Nd5 17. Ne5 Nxc3 18. Qxc3 Bd5 19. Bf3 Rc8 20. Qa3 Bxf3
21. Qxf3 Qg5 22. Rfe1 Qf5 23. Qa3 Rc2 24. Nf3 Ne4 25. Qe3 Qc5 26. Nd4 Rxf2 0-1

[Event "Inter-entreprise"]
[Site "Montreal CAN"]
[Date "2003.11.25"]
[Round "6"]
[White "Blais, Georges"]
[Black "Lambert, Jacques"]
[Result "1-0"]
[WhiteElo "1633"]
[BlackElo "1068"]
[PlyCount "103"]
[EventDate "2003.11.18"]
[EventType "team"]
[EventRounds "6"]
[EventCountry "CAN"]

1. d4 e6 2. e3 b6 3. Nf3 Bb7 4. Bd3 d6 5. Qe2 g6 6. c3 Bh6 7. Nbd2 Nf6 8. O-O
O-O 9. e4 Nbd7 10. Re1 Re8 11. Nf1 Bxc1 12. Raxc1 e5 13. d5 c6 14. c4 Nc5 15.
Bc2 Rc8 16. b4 Ncd7 17. N1d2 a6 18. a4 cxd5 19. cxd5 a5 20. bxa5 bxa5 21. Bd3
Nc5 22. Bb5 Re7 23. Qe3 Rec7 24. Rc4 Ba6 25. Rxc5 Rxc5 26. Bxa6 R8c7 27. Bb5
Ng4 28. Qe2 Rc2 29. Bc6 Qb8 30. h3 Nf6 31. Qb5 Qa7 32. Rb1 Nh5 33. Qb8+ Qxb8
34. Rxb8+ Kg7 35. g3 f5 36. Rb7 Rxb7 37. Bxb7 fxe4 38. Nxe4 Rc4 39. Nxd6 Rxa4
40. Nxe5 Ra1+ 41. Kg2 a4 42. Ndc4 Nf6 43. d6 Rd1 44. Bc6 a3 45. Nxa3 Rxd6 46.
Nac4 Rd4 47. Ne3 Ne4 48. N5c4 Kf6 49. Ng4+ Ke6 50. Nce3 h5 51. Nh2 Ke5 52. Nf3+
1-0

[Event "Inter-entreprise"]
[Site "Montreal CAN"]
[Date "2003.11.25"]
[Round "6"]
[White "Cardinal, Pierre"]
[Black "Jean, Robert"]
[Result "1-0"]
[WhiteElo "1531"]
[BlackElo "1678"]
[PlyCount "49"]
[EventDate "2003.11.18"]
[EventType "team"]
[EventRounds "6"]
[EventCountry "CAN"]

1. Nf3 Nf6 2. g3 b6 3. Bg2 Bb7 4. O-O e6 5. d3 Be7 6. e4 d6 7. Nbd2 Nbd7 8. b3
O-O 9. Bb2 c5 10. Nc4 e5 11. a4 a6 12. Qe2 Qc7 13. Nfd2 b5 14. Ne3 Rfe8 15. f4
exf4 16. gxf4 Bf8 17. Qf2 h6 18. Qh4 Be7 19. Nf5 Nf8 20. Nxh6+ gxh6 21. Qxh6
Ng6 22. f5 Ne5 23. Bxe5 dxe5 24. Rf3 Bf8 25. Rg3+ 1-0

[Event "Inter-entreprise"]
[Site "Montreal CAN"]
[Date "2003.11.25"]
[Round "6"]
[White "Charest, Johanne"]
[Black "Laurain, Guy"]
[Result "1-0"]
[WhiteElo "1989"]
[BlackElo "2191"]
[PlyCount "53"]
[EventDate "2003.11.18"]
[EventType "team"]
[EventRounds "6"]
[EventCountry "CAN"]

1. e4 c5 2. d4 cxd4 3. Nf3 d6 4. Bc4 Nf6 5. Nxd4 a6 6. Nc3 e6 7. O-O Be7 8. Be3
Qc7 9. Bd3 O-O 10. f4 b5 11. a3 Bb7 12. Qf3 Nbd7 13. g4 g6 14. f5 exf5 15. gxf5
Ne5 16. Qg2 Nfg4 17. fxg6 hxg6 18. Rae1 Kg7 19. Rf4 Qd7 20. h3 Nxe3 21. Rxe3
Rh8 22. Nd5 Bxd5 23. exd5 Rh5 24. Ne6+ fxe6 25. Rxe5 Rg5 26. Rxg5 Bxg5 27. Qxg5
1-0

[Event "Inter-entreprise"]
[Site "Montreal CAN"]
[Date "2003.11.25"]
[Round "6"]
[White "Fontaine, Jacques"]
[Black "Rivard, Jean"]
[Result "1-0"]
[WhiteElo "1947"]
[BlackElo "1525"]
[PlyCount "77"]
[EventDate "2003.11.18"]
[EventType "team"]
[EventRounds "6"]
[EventCountry "CAN"]

1. e4 g6 2. d4 Bg7 3. Nc3 d6 4. Nf3 Bg4 5. Bc4 e6 6. Be3 Nf6 7. h3 Bxf3 8. Qxf3
Nc6 9. O-O-O O-O 10. Bb3 Na5 11. g4 Nxb3+ 12. axb3 Ne8 13. h4 f5 14. exf5 exf5
15. h5 c6 16. hxg6 hxg6 17. Qh3 f4 18. Bd2 Qf6 19. Rde1 d5 20. Ne2 g5 21. Qd3
Nd6 22. f3 a5 23. Nc3 b5 24. Re5 Rae8 25. Qh7+ Kf7 26. Qh5+ Qg6 27. Rxg5 Qxh5
28. Rgxh5 Bxd4 29. Bxf4 Be3+ 30. Bxe3 Rxe3 31. R1h3 Re6 32. Rh7+ Kg6 33. R7h6+
Kg7 34. Rxe6 Rd8 35. f4 b4 36. Ne2 c5 37. Ng3 Nb5 38. Nf5+ Kf7 39. Ra6 1-0

[Event "Jack Taylor mem"]
[Site "Victoria CAN"]
[Date "2003.11.22"]
[Round "2"]
[White "Sauve, Ron"]
[Black "Scoones, Dan"]
[Result "0-1"]
[WhiteElo "1820"]
[BlackElo "2284"]
[PlyCount "68"]
[EventDate "2003.11.22"]
[EventType "swiss"]
[EventRounds "5"]
[EventCountry "CAN"]

1. d4 Nf6 2. c4 c5 3. d5 b5 4. cxb5 a6 5. b6 Qxb6 6. Nc3 e6 7. e4 Bb7 8. a4 a5
9. Nf3 Na6 10. Ne5 Nb4 11. Nc4 Qd8 12. Ne3 Nxe4 13. dxe6 fxe6 14. Bd3 Nxd3+ 15.
Qxd3 Nxc3 16. bxc3 Qf6 17. Ng4 Qf5 18. Qxf5 exf5 19. Ne3 g6 20. O-O Bg7 21. Nc4
O-O 22. Nb6 Rad8 23. Bg5 Bf6 24. Bh6 Rfe8 25. Rac1 d5 26. Bf4 Be5 27. Bxe5 Rxe5
28. c4 d4 29. Rfe1 Rxe1+ 30. Rxe1 Rd6 31. Rb1 d3 32. Kf1 d2 33. Ke2 d1=Q+ 34.
Rxd1 Rxb6 0-1

[Event "Jack Taylor mem"]
[Site "Victoria CAN"]
[Date "2003.11.22"]
[Round "2"]
[White "Yip, Michael"]
[Black "Churchill, Greg"]
[Result "1-0"]
[WhiteElo "2100"]
[BlackElo "1895"]
[PlyCount "73"]
[EventDate "2003.11.22"]
[EventType "swiss"]
[EventRounds "5"]
[EventCountry "CAN"]

1. d4 Nf6 2. Nf3 c5 3. d5 b5 4. c4 g6 5. cxb5 a6 6. bxa6 Bxa6 7. Nc3 d6 8. e4
Bxf1 9. Kxf1 Bg7 10. g3 O-O 11. Kg2 Nbd7 12. h3 Qb6 13. Re1 Rfb8 14. Re2 Ne8
15. Bg5 Kf8 16. Rc1 Nc7 17. Rcc2 Nb5 18. Nxb5 Qxb5 19. b3 Ra6 20. h4 Rba8 21.
h5 Qb8 22. h6 Bf6 23. Bf4 R8a7 24. Qd2 Qa8 25. b4 cxb4 26. Qxb4 Nc5 27. Qd2 Ra3
28. e5 Rd3 29. exf6 Qxd5 30. Qxd3 Qxd3 31. Rcd2 Qa6 32. fxe7+ Rxe7 33. Bxd6 Ne6
34. Ng5 Ke8 35. Nxh7 Rb7 36. Nf6+ Kd8 37. h7 1-0

[Event "Jack Taylor mem"]
[Site "Victoria CAN"]
[Date "2003.11.23"]
[Round "4"]
[White "Neufahrt, Gerhard"]
[Black "Scoones, Dan"]
[Result "0-1"]
[WhiteElo "2051"]
[BlackElo "2284"]
[PlyCount "72"]
[EventDate "2003.11.22"]
[EventType "swiss"]
[EventRounds "5"]
[EventCountry "CAN"]

1. Nf3 Nf6 2. d4 e6 3. Bf4 b6 4. Nbd2 Bb7 5. e3 Be7 6. Bd3 c5 7. c3 Nc6 8. O-O
Nh5 9. Ne4 Nxf4 10. exf4 cxd4 11. Nxd4 Nxd4 12. cxd4 f5 13. Ng5 O-O 14. Qh5 h6
15. h4 Qe8 16. Qxe8 Rfxe8 17. Nf3 Bxf3 18. gxf3 Bxh4 19. Bb5 Re7 20. Rac1 a6
21. Ba4 b5 22. Bb3 d5 23. Rfe1 Kf7 24. Rc6 Bf6 25. Rd1 Raa7 26. Kf1 Rec7 27.
Rxc7+ Rxc7 28. Ke2 g5 29. Ke3 gxf4+ 30. Kd3 h5 31. a3 h4 32. Rh1 Ke7 33. Ba2
Kd6 34. Rg1 Rg7 35. Rh1 Rg2 36. Rf1 h3 0-1

[Event "Jean-Pierre Roy mem"]
[Site "Gatineau CAN"]
[Date "2003.10.14"]
[Round "1"]
[White "Lacourse, Guy"]
[Black "Papineau, Andre"]
[Result "1-0"]
[WhiteElo "1623"]
[BlackElo "1760"]
[PlyCount "45"]
[EventDate "2003.10.14"]
[EventType "swiss"]
[EventRounds "5"]
[EventCountry "CAN"]

1. d4 Nf6 2. Nf3 d5 3. c4 e6 4. Bg5 Be7 5. e3 O-O 6. Nc3 Nbd7 7. Rc1 b6 8. cxd5
exd5 9. Be2 Bb7 10. O-O Rc8 11. a3 h6 12. Bxf6 Bxf6 13. Qa4 a5 14. Nb5 Be7 15.
Na7 Rb8 16. Nc6 Bxc6 17. Qxc6 Bd6 18. Qxd5 Nf6 19. Qc6 Re8 20. Bd3 Re6 21. Qc2
Qe7 22. Bf5 Nd5 23. Bxe6 1-0

[Event "Jean-Pierre Roy mem"]
[Site "Gatineau CAN"]
[Date "2003.10.14"]
[Round "1"]
[White "Laurin, Jacques"]
[Black "Roy, Roger"]
[Result "0-1"]
[WhiteElo "1922"]
[BlackElo "1731"]
[PlyCount "62"]
[EventDate "2003.10.14"]
[EventType "swiss"]
[EventRounds "5"]
[EventCountry "CAN"]

1. c4 e5 2. g3 Nf6 3. Bg2 Be7 4. Nc3 O-O 5. b3 c6 6. Bb2 Qa5 7. a3 d6 8. Nf3
Be6 9. Ng5 Bf5 10. b4 Qc7 11. Rc1 h6 12. Nge4 Nxe4 13. Nxe4 Nd7 14. O-O Rad8
15. b5 Nf6 16. Nc3 cxb5 17. cxb5 Qd7 18. Qa4 Bh3 19. Qxa7 Bxg2 20. Kxg2 d5 21.
Qb6 Ra8 22. Nb1 d4 23. e4 Bd8 24. Qc5 Re8 25. f3 Ra5 26. a4 Rxa4 27. Rc4 Bb6
28. Qxb6 Rxc4 29. Na3 Rb4 30. Ba1 Ra4 31. Bb2 Rc8 0-1

[Event "Jean-Pierre Roy mem"]
[Site "Gatineau CAN"]
[Date "2003.10.21"]
[Round "2"]
[White "Laurin, Marcel"]
[Black "Lacourse, Guy"]
[Result "1-0"]
[WhiteElo "1726"]
[BlackElo "1623"]
[PlyCount "93"]
[EventDate "2003.10.14"]
[EventType "swiss"]
[EventRounds "5"]
[EventCountry "CAN"]

1. d4 d5 2. c4 dxc4 3. Nc3 Nf6 4. e4 e5 5. d5 Bb4 6. Qa4+ Nc6 7. dxc6 Bxc3+ 8.
bxc3 bxc6 9. Qxc4 O-O 10. Ba3 Be6 11. Qxc6 Re8 12. Bb5 Bd7 13. Qc4 Bxb5 14.
Qxb5 Nxe4 15. Nf3 Nxc3 16. Qc4 e4 17. Nd4 Nd5 18. O-O Qg5 19. Bc1 Nf4 20. Bxf4
Qxf4 21. Rae1 Kh8 22. Re3 g6 23. Ne2 Qd6 24. Rxe4 Rad8 25. Rxe8+ Rxe8 26. Qd4+
Qxd4 27. Nxd4 c5 28. Nb5 c4 29. g3 Re5 30. Nd6 Ra5 31. Nxf7+ Kg7 32. Nd6 c3 33.
Rc1 Rxa2 34. Rxc3 a5 35. Kf1 Ra1+ 36. Kg2 a4 37. Nc4 Rb1 38. h4 Rb4 39. Kf3 Rb3
40. Rxb3 axb3 41. Ke3 Kf6 42. Kd3 Kf5 43. f3 g5 44. hxg5 Kxg5 45. Kc3 h5 46.
Kxb3 h4 47. gxh4+ 1-0

[Event "Jean-Pierre Roy mem"]
[Site "Gatineau CAN"]
[Date "2003.10.28"]
[Round "3"]
[White "Lacourse, Guy"]
[Black "Libersan, Mattieu"]
[Result "1/2-1/2"]
[WhiteElo "1623"]
[BlackElo "1918"]
[PlyCount "112"]
[EventDate "2003.10.14"]
[EventType "swiss"]
[EventRounds "5"]
[EventCountry "CAN"]

1. d4 d5 2. Nf3 e6 3. c4 f5 4. g3 Nf6 5. Bg2 Be7 6. O-O O-O 7. b3 Bd7 8. Ba3
Bxa3 9. Nxa3 Be8 10. Qd3 Ne4 11. Ne5 Nd7 12. f4 Ndf6 13. Nc2 Bh5 14. Ne3 c6 15.
c5 Nd7 16. Nxd7 Qxd7 17. Bxe4 fxe4 18. Qd2 Rf7 19. Rf2 Raf8 20. Raf1 g5 21.
fxg5 Rxf2 22. Rxf2 Rxf2 23. Kxf2 Qg7 24. h4 e5 25. Nc2 Qf7+ 26. Kg2 Qf5 27. Ne3
Qe6 28. dxe5 Qxe5 29. g4 Bf7 30. Nf5 Be6 31. Qd4 Qxd4 32. Nxd4 Bxg4 33. Kg3 Bd7
34. Kf4 Kf7 35. h5 Bh3 36. Ke5 Bg4 37. e3 Bxh5 38. Nf5 Kg6 39. Kf4 Be2 40. Nd6
b6 41. b4 bxc5 42. bxc5 a6 43. a3 Bd3 44. Nf5 Bb5 45. Ng3 h6 46. gxh6 Kxh6 47.
Kg4 Kg6 48. Nf5 Kf6 49. Nd4 Ke5 50. Kg5 Ba4 51. Kg6 Bb5 52. Kf7 Ba4 53. Ke7 Bb5
54. Kf7 Ba4 55. Ke7 Bb5 56. Kf7 Ba4 1/2-1/2

[Event "Jean-Pierre Roy mem"]
[Site "Gatineau CAN"]
[Date "2003.10.28"]
[Round "3"]
[White "Pepin, Christian"]
[Black "Dallaire, Dominic"]
[Result "1-0"]
[WhiteElo "2023"]
[BlackElo "1743"]
[PlyCount "53"]
[EventDate "2003.10.14"]
[EventType "swiss"]
[EventRounds "5"]
[EventCountry "CAN"]

1. e4 e6 2. d4 d5 3. Nc3 dxe4 4. Nxe4 Nf6 5. Nxf6+ Qxf6 6. Nf3 Qd8 7. Be3 Nd7
8. Bd3 Bd6 9. O-O c6 10. c4 b6 11. a3 c5 12. Qc2 Bb7 13. Be4 Qc7 14. Bxb7 Qxb7
15. Rad1 O-O 16. dxc5 Bxc5 17. Bxc5 Nxc5 18. Ng5 g6 19. b4 Nd7 20. Rd4 e5 21.
Rd6 Qc7 22. Qd3 e4 23. Qh3 h5 24. Rxd7 Qe5 25. Qe3 f5 26. c5 f4 27. Qb3+ 1-0

[Event "Jean-Pierre Roy mem"]
[Site "Gatineau CAN"]
[Date "2003.11.04"]
[Round "3"]
[White "Rose, Richard"]
[Black "Lacourse, Guy"]
[Result "1/2-1/2"]
[WhiteElo "1754"]
[BlackElo "1623"]
[PlyCount "75"]
[EventDate "2003.10.14"]
[EventType "swiss"]
[EventRounds "5"]
[EventCountry "CAN"]

1. e4 c5 2. Nf3 d6 3. d4 cxd4 4. Nxd4 Nf6 5. Nc3 e6 6. Be3 a6 7. a4 Be7 8. Be2
Qc7 9. O-O b6 10. Qd2 Bb7 11. f3 Nbd7 12. Rac1 Ne5 13. f4 Nc4 14. Bxc4 Qxc4 15.
b3 Qc7 16. Qd3 Rc8 17. Bd2 O-O 18. Kh1 d5 19. exd5 exd5 20. Nf5 Bb4 21. Nb5
axb5 22. Bxb4 Rfd8 23. Ne7+ Kh8 24. Nxc8 Rxc8 25. axb5 Ne4 26. c4 Qd8 27. Qe3
d4 28. Qd3 f5 29. Rcd1 Qh4 30. Be1 Qg4 31. Qxd4 h5 32. Qxb6 Qxd1 33. Qxb7 Re8
34. Kg1 Qd4+ 35. Kh1 Qd3 36. Kg1 Qd4+ 37. Kh1 Qd3 38. Kg1 1/2-1/2

[Event "Jean-Pierre Roy mem"]
[Site "Gatineau CAN"]
[Date "2003.10.28"]
[Round "3"]
[White "Roy, Roger"]
[Black "Maisonneuve, Paul"]
[Result "1-0"]
[WhiteElo "1731"]
[BlackElo "1608"]
[PlyCount "69"]
[EventDate "2003.10.14"]
[EventType "swiss"]
[EventRounds "5"]
[EventCountry "CAN"]

1. Nf3 Nf6 2. c4 g6 3. Nc3 Bg7 4. e4 d6 5. d4 O-O 6. Be2 Nbd7 7. O-O c5 8. d5
Ng4 9. h3 Nge5 10. Be3 a6 11. Nxe5 Bxe5 12. Qd2 f5 13. exf5 Rxf5 14. Bg4 Rf8
15. Be6+ Kh8 16. Ne4 Qe8 17. Bh6 Bg7 18. Bxg7+ Kxg7 19. Qc3+ Kh6 20. Qe3+ Kg7
21. Rae1 Ne5 22. Ng5 h6 23. Bxc8 hxg5 24. Be6 Nxc4 25. Qxg5 Rf6 26. Re4 b5 27.
b3 Ne5 28. Rh4 Nf7 29. Bxf7 Rxf7 30. Qh6+ Kf6 31. Re1 e5 32. dxe6 Rf8 33. Rf4+
Ke7 34. Qg7+ Kd8 35. Rxf8 1-0